000 00438nam a2200181 a 4500
001 1765017166688
003 ACL
005 20251206161525.0
008 251206s2015##################000#0#eng##
020 _a9781632391391
082 0 4 _a630
_bHAN
100 1 _aHanks, Jamie,
_eauthor.
245 1 0 _aCurrent Progress in Agronomy: Volume II :
260 _c2015.
650 0 _aAgriculture.
942 _cENGLISH
040 _aACL
_beng
_cACL
999 _c601481
_d601481